The skill of leadership

Bibliographic Details
Main Author: Adair, John
Format: Book
Published: Aldershot : Grower , c1984
Subjects:

MARC

LEADER 00000cam a2200000 7i4500
001 0000002357
005 20050506.0
020 |a 0566024349 
040 |a INS 
090 0 0 |a HM141.   |b A299 1984 
100 1 |a Adair, John 
245 1 4 |a The skill of leadership   |c John Adair 
260 |a Aldershot :   |b Grower ,   |c c1984 
300 |a x, 288p. :   |b ill ;   |c 22 cm. 
650 0 0 |a Leadership 
650 0 0 |a Management 
999 |a 0000000706   |b BOOK   |c Open Shelf   |e Default branch